Biblioteca moderna (Record no. 129101)

MARC details
000 -LEADER
campo de control de longitud fija 00818nam a2200229 i 4500
001 - NÚMERO DE CONTROL
campo de control 129101
003 - IDENTIFICADOR DE NÚMERO DE CONTROL
campo de control ES-MaACL
007 - CAMPO FIJO DE DESCRIPCIÓN FÍSICA--INFORMACIÓN GENERAL
campo de control de longitud fija t|
008 - DATOS DE LONGITUD FIJA--INFORMACIÓN GENERAL
campo de control de longitud fija 070605s1984 sp ||||1| spa d
080 ## - NÚMERO DE LA CLASIFICACIÓN DECIMAL UNIVERSAL
Número de la Clasificación Decimal Universal 025.17:778.14
100 1# - ENTRADA PRINCIPAL--NOMBRE DE PERSONA
Nombre de persona Teague, S. J.
9 (RLIN) 109491
245 10 - MENCIÓN DEL TÍTULO
Título Biblioteca moderna
Resto del título : microformas, microfichas /
Mención de responsabilidad, etc. S.J. Teague ; [traducción, Sara Espinosa Valle].
260 ## - PUBLICACIÓN, DISTRIBUCIÓN, ETC.
Lugar de publicación, distribución, etc. [Barcelona] :
Nombre del editor, distribuidor, etc. Mitre,
Fecha de publicación, distribución, etc. [1984]
300 ## - DESCRIPCIÓN FÍSICA
Extensión 168 p. :
Otras características físicas il. ;
Dimensiones 22 cm.
490 1# - MENCIÓN DE SERIE
Mención de serie Textos de informática y documentación
650 14 - PUNTO DE ACCESO ADICIONAL DE MATERIA--TÉRMINO DE MATERIA
Término de materia o nombre geográfico como elemento de entrada Bibliotecas-
Subdivisión general Colecciones especiales-
Subdivisión de forma Microformas.
9 (RLIN) 10533
650 14 - PUNTO DE ACCESO ADICIONAL DE MATERIA--TÉRMINO DE MATERIA
Término de materia o nombre geográfico como elemento de entrada Bibliotecas-
Subdivisión general Servicios audiovisuales.
9 (RLIN) 10541
700 1# - ENTRADA AGREGADA--NOMBRE PERSONAL
Nombre de persona Espinosa Valle, Sara.
9 (RLIN) 47921
830 0# - PUNTO DE ACCESO ADICIONAL DE SERIE-TÍTULO UNIFORME
Título uniforme Textos de informática y documentación
9 (RLIN) 182125
852 ## - LOCALIZACIÓN
Ubicación ES-MaACL
Número de control de estantería L-6766
Sublocalización o colección R.107765
Holdings
Estatus retirado Estado de pérdida Fuente del sistema de clasificación o colocación Estado de daño No para préstamo Colección Biblioteca de origen Biblioteca actual Ubicación en estantería Fecha de adquisición Total de préstamos Signatura topográfica completa Código de barras Visto por última vez Precio de reemplazo Tipo de ítem Koha
    Clasificación decimal universal     Biblioteca profesional Biblioteca del Ateneo de Madrid Biblioteca del Ateneo de Madrid Depósito 2 17/01/2008   L-6766 1134442 23/02/2023 23/02/2023 Libro impreso